[Event "Chigorin Memorial"]
[Site "St Petersburg"]
[Date "2016.10.17"]
[Round "3.96"]
[White "Khakimov, Timur"]
[Black "Zubova, Mariya"]
[Result "1-0"]
[WhiteElo "2281"]
[BlackElo "2051"]
[PlyCount "81"]
[EventDate "2016.10.15"]
[EventType "swiss"]
[EventRounds "9"]
[EventCountry "RUS"]

1. e4 e5 2. Nf3 Nc6 3. Bb5 a6 4. Ba4 g6 5. d4 exd4 6. Bg5 Be7 7. Bxe7 Qxe7 8.
O-O Nf6 9. e5 Nh5 10. c3 d3 11. Re1 Nf4 12. Qd2 g5 13. Nd4 Nxe5 14. Qe3 f6 15.
Nf5 Qf7 16. Nd2 Kd8 17. Ne4 Ne2+ 18. Rxe2 dxe2 19. Ned6 Qe6 20. Bb3 Nf3+ 21.
gxf3 Qxe3 22. Nf7+ Ke8 23. fxe3 Rf8 24. Ng7+ Ke7 25. Nf5+ Ke8 26. N7h6 d6 27.
Kf2 a5 28. a4 Ra6 29. Bc4 Rb6 30. b3 Bxf5 31. Nxf5 Kd7 32. Kxe2 Re8 33. Rd1 Re5
34. e4 h5 35. Ke3 Kd8 36. f4 Re8 37. fxg5 fxg5 38. Ng7 Rh8 39. Ne6+ Kd7 40.
Nxg5 h4 41. Rf1 1-0

[Event "Chigorin Memorial"]
[Site "St Petersburg"]
[Date "2016.10.17"]
[Round "3.97"]
[White "Danielyan, Vahe"]
[Black "Altshul, Raffael"]
[Result "1-0"]
[WhiteElo "2270"]
[BlackElo "2044"]
[PlyCount "93"]
[EventDate "2016.10.15"]
[EventType "swiss"]
[EventRounds "9"]
[EventCountry "RUS"]

1. e4 c5 2. Nc3 Nc6 3. Bb5 Nd4 4. Bc4 e6 5. Nf3 Nf6 6. O-O a6 7. Re1 d6 8. d3
b5 9. Bb3 Nxb3 10. axb3 Bb7 11. Ne2 Be7 12. Ng3 O-O 13. Bd2 Rc8 14. b4 c4 15.
Bc3 cxd3 16. cxd3 Nd7 17. Qd2 Bf6 18. d4 g6 19. e5 Bg7 20. exd6 Nb6 21. d5 Bxc3
22. bxc3 Nxd5 23. Ne4 Nf6 24. Nxf6+ Qxf6 25. Ne5 Qd8 26. Rad1 Bd5 27. d7 Rc7
28. Qh6 Qe7 29. Rxd5 exd5 30. Re3 Rxd7 31. Nxg6 hxg6 32. Rxe7 Rxe7 33. h4 Re5
34. Qd2 Rc8 35. g3 Rc4 36. f4 Re6 37. h5 Rd6 38. hxg6 Rxg6 39. Kf2 Rgc6 40. f5
Kf8 41. Qxd5 Rxc3 42. Qd8+ Kg7 43. Qg5+ Kf8 44. f6 Rc2+ 45. Ke3 Re6+ 46. Kd3
Rf2 47. Qc5+ 1-0

[Event "Chigorin Memorial"]
[Site "St Petersburg"]
[Date "2016.10.17"]
[Round "3.98"]
[White "Ageichenko, Genadi A"]
[Black "Zemnitskiy, Alexander"]
[Result "1-0"]
[WhiteElo "2261"]
[BlackElo "2044"]
[PlyCount "87"]
[EventDate "2016.10.15"]
[EventType "swiss"]
[EventRounds "9"]
[EventCountry "RUS"]

1. d4 d5 2. Nf3 c5 3. e3 Nf6 4. b3 cxd4 5. exd4 Nc6 6. Be2 Bf5 7. O-O h6 8. Bb2
Rc8 9. a3 e6 10. Nbd2 Bd6 11. Rc1 Qe7 12. b4 Ne4 13. Ne5 O-O 14. Nb3 Rfd8 15.
Bd3 Bb8 16. Qe2 a6 17. Rfe1 Qh4 18. Nf3 Qf6 19. Qe3 Ng5 20. Ne5 Nxe5 21. dxe5
Qg6 22. Bd4 Be4 23. Bxe4 dxe4 24. Kh1 Rc4 25. c3 Qf5 26. Nc5 b6 27. Nb3 b5 28.
Nd2 f6 29. Nxc4 bxc4 30. Rcd1 fxe5 31. Ba7 Rf8 32. Bxb8 Rxb8 33. h4 Nf3 34. Re2
Nxh4 35. Qxe4 Qh5 36. Qxe5 Nf5+ 37. Kg1 Re8 38. Rd7 Qg5 39. Red2 h5 40. R7d6
Qg6 41. Rd8 h4 42. Qb8 Rxd8 43. Rxd8+ Kf7 44. Rf8+ 1-0

[Event "Chigorin Memorial"]
[Site "St Petersburg"]
[Date "2016.10.17"]
[Round "3.99"]
[White "Sergeeva, Natalia"]
[Black "Guzenko, Artem"]
[Result "0-1"]
[WhiteElo "2013"]
[BlackElo "2261"]
[PlyCount "72"]
[EventDate "2016.10.15"]
[EventType "swiss"]
[EventRounds "9"]
[EventCountry "RUS"]

1. e4 c5 2. Nf3 e6 3. d4 cxd4 4. Nxd4 a6 5. c4 Qc7 6. Be2 b6 7. Nc3 Bb7 8. O-O
Nf6 9. f3 Bd6 10. Kh1 Be7 11. Be3 d6 12. Qd2 Nbd7 13. Rfc1 O-O 14. a4 Rfc8 15.
a5 h5 16. Na4 bxa5 17. Nb3 h4 18. Nxa5 Rab8 19. Nxb7 Qxb7 20. Ra2 Ne5 21. c5 h3
22. Nb6 hxg2+ 23. Kxg2 Rxc5 24. Bxc5 dxc5 25. Na4 c4 26. Qd4 Ng6 27. Bxc4 Qc7
28. Qe3 Qe5 29. b3 Nd5 30. Qf2 Qg5+ 31. Qg3 Nh4+ 32. Kf2 Qe3+ 33. Kf1 Qxc1+ 34.
Kf2 Nf4 35. Bxa6 Nhg2 36. Re2 Bh4 0-1

[Event "Chigorin Memorial"]
[Site "St Petersburg"]
[Date "2016.10.17"]
[Round "3.100"]
[White "Zavgorodniaya, Alena"]
[Black "Kuzmin, Egor"]
[Result "1-0"]
[WhiteElo "2011"]
[BlackElo "2259"]
[PlyCount "137"]
[EventDate "2016.10.15"]
[EventType "swiss"]
[EventRounds "9"]
[EventCountry "RUS"]

1. e4 c5 2. Nf3 d6 3. Bb5+ Nd7 4. d4 cxd4 5. Qxd4 e5 6. Qd3 Ngf6 7. Nc3 a6 8.
Bc4 Nc5 9. Qe2 Be7 10. Bg5 O-O 11. h3 b5 12. Bxf6 Bxf6 13. Bd5 Rb8 14. Qe3 b4
15. Ne2 Qc7 16. O-O Na4 17. Rac1 Nb6 18. Bb3 Nc4 19. Bxc4 Qxc4 20. Rfd1 Bb7 21.
Ng3 Qxa2 22. Rxd6 Be7 23. Nf5 Rfe8 24. b3 Qb2 25. Rd7 Bf6 26. Nd6 Re7 27. Nc4
Qxc1+ 28. Qxc1 Rxd7 29. Nfxe5 Bxe5 30. Nxe5 Re7 31. Qf4 Rbe8 32. Nd3 Rxe4 33.
Qc7 Ba8 34. Qa5 Re2 35. Nxb4 R2e5 36. Qa4 Rd8 37. Nd3 Re6 38. Qa5 Rde8 39. Nf4
Rf6 40. Nh5 Rg6 41. Nf4 Rd6 42. c4 h6 43. f3 Rd4 44. Nh5 Rd1+ 45. Kf2 Rd6 46.
Qc3 Rg6 47. Ng3 Rg5 48. h4 Rge5 49. Qd4 Bb7 50. b4 Bc8 51. Ne4 Bf5 52. Nd6 R8e6
53. g4 Re2+ 54. Kg3 Bc2 55. Qa7 Rf6 56. g5 hxg5 57. hxg5 Rfe6 58. Qxf7+ Kh7 59.
Ne4 R2xe4 60. fxe4 Rxe4 61. Qf5+ Kg8 62. Qc8+ Kh7 63. Qxa6 Re5 64. b5 Rxg5+ 65.
Kf4 Rf5+ 66. Ke3 Bb3 67. b6 Rf6 68. c5 Kh6 69. Qd3 1-0

[Event "Chigorin Memorial"]
[Site "St Petersburg"]
[Date "2016.10.17"]
[Round "3.101"]
[White "Egorov, Pavel"]
[Black "Minbayev, Bolatbek"]
[Result "1/2-1/2"]
[WhiteElo "2257"]
[BlackElo "2034"]
[PlyCount "88"]
[EventDate "2016.10.15"]
[EventType "swiss"]
[EventRounds "9"]
[EventCountry "RUS"]

1. d4 d5 2. c4 c6 3. Nc3 Nf6 4. Nf3 g6 5. e3 Bg7 6. Be2 O-O 7. O-O a6 8. a4
Nbd7 9. a5 dxc4 10. Bxc4 c5 11. Re1 b5 12. axb6 Nxb6 13. Bf1 cxd4 14. exd4 Bb7
15. Na4 Nxa4 16. Rxa4 e6 17. Qb3 Bc6 18. Rxa6 Bxf3 19. Qxf3 Rxa6 20. Bxa6 Qxd4
21. Rd1 Qa4 22. Bb7 Rb8 23. h3 Qb4 24. Bf4 Re8 25. Bc6 Rc8 26. Bb7 Re8 27. Be5
Nd5 28. Bxg7 Kxg7 29. Bxd5 exd5 30. Qc3+ Qxc3 31. bxc3 Rc8 32. Rd3 Kf6 33. Kf1
Rc4 34. Ke2 Ke5 35. Re3+ Re4 36. f3 Rxe3+ 37. Kxe3 f5 38. g3 g5 39. Kd3 Ke6 40.
Ke3 Ke5 41. Kd3 Ke6 42. f4 gxf4 43. gxf4 Kd7 44. Ke3 Ke6 1/2-1/2

[Event "Chigorin Memorial"]
[Site "St Petersburg"]
[Date "2016.10.17"]
[Round "3.102"]
[White "Basyrov, Eduard"]
[Black "Rakhmangulova, Anastasiya"]
[Result "0-1"]
[WhiteElo "2001"]
[BlackElo "2251"]
[PlyCount "96"]
[EventDate "2016.10.15"]
[EventType "swiss"]
[EventRounds "9"]
[EventCountry "RUS"]

1. c4 g6 2. Nc3 Bg7 3. g3 c5 4. Bg2 Nc6 5. Nf3 h5 6. e3 d6 7. d4 cxd4 8. exd4
Bg4 9. Be3 h4 10. h3 Bxf3 11. Bxf3 hxg3 12. fxg3 Nf6 13. Qd2 Rc8 14. b3 a6 15.
Bg2 Qd7 16. O-O Rxh3 17. Bxh3 Qxh3 18. Qg2 Qxg2+ 19. Kxg2 Ng4 20. Bg1 Nxd4 21.
Rf4 Nc2 22. Rc1 Nge3+ 23. Kf3 Bxc3 24. Bxe3 Nxe3 25. Kxe3 Bf6 26. Rg4 e5 27.
Kd3 Kd7 28. Rh1 Ke6 29. Rh7 b5 30. cxb5 axb5 31. Rb4 d5 32. Rxb5 e4+ 33. Ke2
Rc7 34. b4 d4 35. Rc5 Rd7 36. Rh1 Be7 37. Rc6+ Kd5 38. b5 d3+ 39. Kf2 Bc5+ 40.
Kg2 e3 41. Rd1 Ke4 42. Rxc5 d2 43. Rc4+ Kd3 44. Rcc1 e2 45. a4 exd1=Q 46. Rxd1
Ke2 47. Ra1 d1=Q 48. Rxd1 Rxd1 0-1

[Event "Chigorin Memorial"]
[Site "St Petersburg"]
[Date "2016.10.17"]
[Round "3.103"]
[White "Mamyrbay, Assad"]
[Black "Tukaeva, Adelya"]
[Result "1-0"]
[WhiteElo "2246"]
[BlackElo "2025"]
[PlyCount "109"]
[EventDate "2016.10.15"]
[EventType "swiss"]
[EventRounds "9"]
[EventCountry "RUS"]

1. e4 c5 2. Nf3 d6 3. d4 cxd4 4. Nxd4 Nf6 5. Nc3 a6 6. g3 e5 7. Nb3 Be7 8. Bg2
b5 9. Nd5 Nxd5 10. Qxd5 Ra7 11. Be3 Be6 12. Qd2 Rd7 13. O-O d5 14. Bc5 dxe4 15.
Qe3 Bc4 16. Rfe1 f5 17. Bb6 Qc8 18. f3 O-O 19. fxe4 Rb7 20. Kh1 f4 21. Qf2 fxg3
22. Qe3 Rf6 23. Ba5 Rh6 24. Qxg3 Bh4 25. Qxe5 Nc6 26. Qc3 Rf7 27. Re3 Qg4 28.
h3 Qc8 29. Rd1 Bf6 30. e5 Bg5 31. Ree1 Rf2 32. e6 Rxe6 33. Qg3 Rf5 34. Rxe6
Bxe6 35. Bc3 Bh6 36. Rd6 Ne7 37. Rb6 Rf8 38. Nd4 Bf4 39. Qd3 Bc4 40. Qd1 Nd5
41. Rc6 Qe8 42. Bf3 Nxc3 43. bxc3 Qd7 44. Kg2 Rf6 45. Rxf6 gxf6 46. Qe1 Qg7+
47. Kh1 Be5 48. Nf5 Qg5 49. Be4 Be6 50. h4 Qxf5 51. Bxf5 Bxf5 52. Qg1+ Kf8 53.
Qc5+ Kg7 54. Qc6 Bxc2 55. Qg2+ 1-0

[Event "Chigorin Memorial"]
[Site "St Petersburg"]
[Date "2016.10.17"]
[Round "3.104"]
[White "Tsvetkov, Andrey"]
[Black "Stukalov, Alexander"]
[Result "1/2-1/2"]
[WhiteElo "1992"]
[BlackElo "2243"]
[PlyCount "145"]
[EventDate "2016.10.15"]
[EventType "swiss"]
[EventRounds "9"]
[EventCountry "RUS"]

1. d4 d6 2. Nf3 g6 3. c4 Bg7 4. Nc3 Nd7 5. g3 e5 6. Bg2 Ne7 7. O-O O-O 8. e4
exd4 9. Nxd4 Nc6 10. Nde2 a5 11. Be3 Nc5 12. Qc2 Nb4 13. Qd2 Be6 14. b3 Bd7 15.
Rab1 Nc6 16. Rfd1 Bg4 17. f3 Be6 18. Nf4 Ne5 19. Qf2 Na6 20. Rbc1 Bd7 21. Qd2
b6 22. Kh1 Kh8 23. Nfe2 Bc6 24. Nd5 Nc5 25. Bd4 f6 26. Qc2 Rf7 27. a3 a4 28. b4
Nb3 29. Rb1 Qe8 30. Bb2 h5 31. Nd4 Nxd4 32. Bxd4 Kh7 33. Re1 Qh8 34. h3 Bb7 35.
f4 Nc6 36. Bb2 Qd8 37. Rbd1 Ne7 38. e5 Nxd5 39. cxd5 fxe5 40. fxe5 dxe5 41.
Bxe5 Qd7 42. Bxg7 Rxg7 43. Re5 Kh8 44. Rde1 Rf8 45. Qc3 Kh7 46. Qd3 Rf5 47. Kh2
h4 48. Kh1 Rgf7 49. Qd4 Rxe5 50. Rxe5 hxg3 51. Qh4+ Kg7 52. Qxg3 Qd6 53. Qc3
Qf6 54. Qe3 Qf4 55. Qxf4 Rxf4 56. Re3 Rd4 57. Re7+ Kf6 58. Rxc7 Bxd5 59. Bxd5
Rxd5 60. Rc6+ Kg5 61. Rxb6 Rd3 62. Ra6 Rxa3 63. Kh2 Kh4 64. Rxg6 Ra2+ 65. Kg1
Rb2 66. Ra6 Rxb4 67. Kf2 Kxh3 68. Ke2 Kg3 69. Kd2 Kf3 70. Kc3 Re4 71. Kb2 Ke3
72. Ka3 Kd3 73. Rxa4 1/2-1/2

[Event "Chigorin Memorial"]
[Site "St Petersburg"]
[Date "2016.10.17"]
[Round "3.105"]
[White "Grinblat, Artemiy"]
[Black "Pryalukhin, Danila"]
[Result "0-1"]
[WhiteElo "2241"]
[BlackElo "2019"]
[PlyCount "78"]
[EventDate "2016.10.15"]
[EventType "swiss"]
[EventRounds "9"]
[EventCountry "RUS"]

1. e4 c5 2. c3 d6 3. d4 Nf6 4. f3 Nc6 5. Be3 e5 6. d5 Ne7 7. Bb5+ Bd7 8. Bxd7+
Qxd7 9. Ne2 g6 10. O-O Bg7 11. Nd2 O-O 12. a4 b5 13. axb5 Qxb5 14. b3 Rfb8 15.
Ra3 Nc8 16. Nc4 Nd7 17. Qc2 Ndb6 18. Na5 Ne7 19. Rb1 Rc8 20. c4 Qd7 21. b4 cxb4
22. Rxb4 Qc7 23. Nc3 Rab8 24. Nb5 Qd7 25. Nc6 Rxc6 26. dxc6 Nxc6 27. Rb1 a5 28.
Rd1 Nb4 29. Qe2 Nxc4 30. Qxc4 Qxb5 31. Rda1 d5 32. exd5 Nxd5 33. Bf2 Nf4 34.
Qa4 Qb7 35. Qd1 Qc7 36. Rc1 Qxc1 37. Qxc1 Ne2+ 38. Kf1 Nxc1 39. Rc3 Nb3 0-1

[Event "Chigorin Memorial"]
[Site "St Petersburg"]
[Date "2016.10.17"]
[Round "3.106"]
[White "Pavlova, Natalia"]
[Black "Chernyak, Viktoria"]
[Result "0-1"]
[WhiteElo "1990"]
[BlackElo "2238"]
[PlyCount "80"]
[EventDate "2016.10.15"]
[EventType "swiss"]
[EventRounds "9"]
[EventCountry "RUS"]

1. Nf3 c5 2. g3 Nc6 3. Bg2 g6 4. c4 Bg7 5. Nc3 e6 6. e3 Nge7 7. O-O O-O 8. d4
cxd4 9. Nxd4 a6 10. b3 Rb8 11. Ba3 Nxd4 12. exd4 d6 13. Ne4 d5 14. cxd5 exd5
15. Ng5 h6 16. Nf3 Be6 17. Ne5 Re8 18. Rc1 Nf5 19. Qd2 Nd6 20. Bxd6 Qxd6 21. f4
Rbc8 22. g4 Rxc1 23. Qxc1 Qb6 24. Qd1 Bxe5 25. fxe5 Rc8 26. Qd2 Kg7 27. h3 Rc6
28. Kh2 Qc7 29. Qf4 Rc2 30. Rf2 Qc3 31. Qf6+ Kh7 32. Rxc2 Qxc2 33. Qd8 Qxa2 34.
Qb6 Qd2 35. Kg1 Qc1+ 36. Kh2 Qc6 37. Qd8 Qb5 38. g5 h5 39. b4 Qxb4 40. Qc7 Qxd4
0-1

[Event "Chigorin Memorial"]
[Site "St Petersburg"]
[Date "2016.10.17"]
[Round "3.107"]
[White "Siagodnik, Anton"]
[Black "Kolesnikova, Kristina"]
[Result "0-1"]
[WhiteElo "2235"]
[BlackElo "2012"]
[PlyCount "106"]
[EventDate "2016.10.15"]
[EventType "swiss"]
[EventRounds "9"]
[EventCountry "RUS"]

1. d4 Nf6 2. Nf3 e6 3. g3 b5 4. Bg2 Bb7 5. O-O c5 6. c3 Be7 7. Nbd2 O-O 8. Qc2
Nc6 9. dxc5 Bxc5 10. Ne4 Nxe4 11. Qxe4 Be7 12. Qd3 a6 13. a4 d5 14. axb5 axb5
15. Bd2 Qc8 16. Bg5 Ba6 17. Bxe7 Nxe7 18. Ng5 Ng6 19. Qd2 Qc7 20. Rfd1 Bb7 21.
Rxa8 Rxa8 22. e4 f6 23. Nf3 dxe4 24. Nd4 b4 25. Nb5 Qb6 26. c4 Ne5 27. Qxb4 Nd3
28. Qd2 Ra2 29. Rb1 f5 30. Nc3 Rxb2 31. Rxb2 Qxb2 32. Qxb2 Nxb2 33. Bf1 Kf7 34.
Be2 e5 35. Kf1 Nd3 36. f3 Nc5 37. fxe4 Nxe4 38. Nb5 Ke7 39. Bd3 g5 40. Ke2 f4
41. gxf4 gxf4 42. Bc2 Nd6 43. Na3 Ke6 44. Bxh7 e4 45. Ke1 e3 46. Nc2 Ke5 47.
Nb4 f3 48. c5 f2+ 49. Ke2 Bf3+ 50. Kf1 Ne4 51. Nd3+ Kd4 52. Bxe4 Bxe4 53. Nf4
Bd3+ 0-1

[Event "Chigorin Memorial"]
[Site "St Petersburg"]
[Date "2016.10.17"]
[Round "3.108"]
[White "Markovic, Vojislav"]
[Black "Tsaruk, Maksim"]
[Result "1-0"]
[WhiteElo "2233"]
[BlackElo "2003"]
[PlyCount "53"]
[EventDate "2016.10.15"]
[EventType "swiss"]
[EventRounds "9"]
[EventCountry "RUS"]

1. e4 e5 2. f4 exf4 3. Bc4 d6 4. Nf3 g5 5. h4 g4 6. Ng5 Nh6 7. d3 Qe7 8. Bxf4
f6 9. O-O Rg8 10. Bxg8 Nxg8 11. Nc3 c6 12. Qd2 h6 13. Rae1 fxg5 14. hxg5 h5 15.
Nd5 Qg7 16. Nf6+ Nxf6 17. gxf6 Qf7 18. e5 dxe5 19. Bxe5 Kd8 20. Qf4 Na6 21. Bd6
Bd7 22. Bxf8 Qxf8 23. Re7 Rc8 24. Qd6 Nb8 25. f7 Qxe7 26. f8=Q+ Qxf8 27. Rxf8#
1-0

[Event "Chigorin Memorial"]
[Site "St Petersburg"]
[Date "2016.10.17"]
[Round "3.110"]
[White "Lingur, Zalina"]
[Black "Kaganskiy, Gleb"]
[Result "0-1"]
[WhiteElo "1986"]
[BlackElo "2226"]
[PlyCount "70"]
[EventDate "2016.10.15"]
[EventType "swiss"]
[EventRounds "9"]
[EventCountry "RUS"]

1. e4 c5 2. Nf3 d6 3. d4 cxd4 4. Nxd4 Nf6 5. Nc3 a6 6. Bg5 Nbd7 7. Qe2 e6 8.
O-O-O Be7 9. f4 Qc7 10. g4 O-O 11. Bxf6 Nxf6 12. g5 Nd7 13. Qh5 Nc5 14. Rg1 b5
15. a3 Bb7 16. Bd3 Rfc8 17. Kb1 Bf8 18. Qh3 g6 19. f5 e5 20. Nde2 Qb6 21. Nc1
a5 22. fxg6 hxg6 23. Rgf1 Ne6 24. Nd5 Bxd5 25. exd5 Nf4 26. Qg4 Rc7 27. Ne2 b4
28. a4 b3 29. c3 Nxd3 30. Rxd3 Qa6 31. Rh3 Bg7 32. Rhf3 Qxe2 33. Qh4 Rxc3 34.
Rxf7 Qc2+ 35. Ka1 Qc1+ 0-1

[Event "Chigorin Memorial"]
[Site "St Petersburg"]
[Date "2016.10.17"]
[Round "3.111"]
[White "Artamonov, Valery"]
[Black "Gordon, Evgeny"]
[Result "1-0"]
[WhiteElo "2223"]
[BlackElo "1988"]
[PlyCount "69"]
[EventDate "2016.10.15"]
[EventType "swiss"]
[EventRounds "9"]
[EventCountry "RUS"]

1. c4 e6 2. Nf3 d5 3. g3 Nf6 4. Bg2 Be7 5. O-O O-O 6. b3 b6 7. Bb2 Bb7 8. d3 c5
9. Nbd2 Nc6 10. a3 Re8 11. Qc2 Qc7 12. e3 Rad8 13. Rfe1 Qb8 14. Rad1 e5 15.
cxd5 Nxd5 16. Nc4 Bf6 17. Qb1 Nde7 18. Bc3 Ba6 19. Qa1 Ng6 20. Nfd2 Qc7 21. Ne4
Be7 22. h4 b5 23. h5 bxc4 24. hxg6 hxg6 25. bxc4 f5 26. Nd2 Rxd3 27. Bd5+ Kh8
28. Kg2 Bg5 29. Nf3 Rxd1 30. Rxd1 Bh6 31. Nh4 Ne7 32. Bxe5 Qb6 33. Rb1 Qd8 34.
Rb8 Qxd5+ 35. cxd5 1-0

[Event "Chigorin Memorial"]
[Site "St Petersburg"]
[Date "2016.10.17"]
[Round "3.112"]
[White "Stepanov, Andrey"]
[Black "Orlov, Konstantin"]
[Result "0-1"]
[WhiteElo "1976"]
[BlackElo "2222"]
[PlyCount "62"]
[EventDate "2016.10.15"]
[EventType "swiss"]
[EventRounds "9"]
[EventCountry "RUS"]

1. e4 c5 2. Nf3 Nc6 3. d4 cxd4 4. Nxd4 Nf6 5. Nc3 d6 6. Bg5 e6 7. Qd2 a6 8.
O-O-O Qc7 9. f4 Bd7 10. Kb1 Be7 11. Be2 O-O-O 12. Bxf6 gxf6 13. Bh5 Rhf8 14.
Qe2 Qb6 15. Nb3 Kb8 16. Rd3 Rc8 17. Rhd1 Rc7 18. Rg3 Na5 19. Rg7 Be8 20. Rxh7
Nc4 21. Qe1 a5 22. a4 f5 23. exf5 Nxb2 24. Kxb2 Bf6 25. Rd3 Bxa4 26. Qe3 Rxc3
27. Qxb6 Rxb3+ 28. Kc1 Rxb6 29. fxe6 fxe6 30. g4 Rc8 31. Rd2 Bd4 0-1

[Event "Chigorin Memorial"]
[Site "St Petersburg"]
[Date "2016.10.17"]
[Round "3.113"]
[White "Paramzina, Anastasya"]
[Black "Sheynin, Izrail"]
[Result "1-0"]
[WhiteElo "2221"]
[BlackElo "1982"]
[PlyCount "109"]
[EventDate "2016.10.15"]
[EventType "swiss"]
[EventRounds "9"]
[EventCountry "RUS"]

1. e4 e5 2. Nf3 Nc6 3. Bc4 Nf6 4. d3 Be7 5. O-O O-O 6. Re1 d6 7. c3 Na5 8. Bb5
a6 9. Ba4 b5 10. Bc2 c5 11. Nbd2 Qc7 12. Nf1 Bg4 13. h3 Bh5 14. Ng3 Bg6 15. Nh4
Nc6 16. Nhf5 Bd8 17. Qf3 Kh8 18. Bg5 Ng8 19. Be3 Bf6 20. Rac1 Rac8 21. Bb3 Bxf5
22. Nxf5 Nce7 23. Ng3 g6 24. d4 Bg7 25. Rcd1 f5 26. dxe5 dxe5 27. exf5 Nxf5 28.
Nxf5 Rxf5 29. Qg3 c4 30. Bc2 Rf6 31. Bg5 Rd6 32. h4 Rxd1 33. Bxd1 Ne7 34. h5 h6
35. Bxe7 Qxe7 36. Qxg6 Qf6 37. Qe4 Rf8 38. Rf1 Qf5 39. Qb7 Qc8 40. Qd5 Qf5 41.
a4 e4 42. Qxf5 Rxf5 43. Re1 b4 44. cxb4 Bxb2 45. Rxe4 c3 46. g4 Rf6 47. Kf1 Rd6
48. Bb3 Ba3 49. f4 Rb6 50. g5 hxg5 51. fxg5 Bxb4 52. Re8+ Kg7 53. Rg8+ Kh7 54.
g6+ Kh6 55. Rh8+ 1-0

[Event "Chigorin Memorial"]
[Site "St Petersburg"]
[Date "2016.10.17"]
[Round "3.114"]
[White "Schetchikov, Vladimir"]
[Black "Nebolsina, Vera"]
[Result "1-0"]
[WhiteElo "1967"]
[BlackElo "2219"]
[PlyCount "81"]
[EventDate "2016.10.15"]
[EventType "swiss"]
[EventRounds "9"]
[EventCountry "RUS"]

1. c4 e5 2. Nc3 Nc6 3. g3 Bc5 4. Bg2 a6 5. a3 d6 6. e3 Nge7 7. Nge2 O-O 8. O-O
Ba7 9. d4 exd4 10. exd4 Bg4 11. f3 Be6 12. b3 Nf5 13. Kh1 Ncxd4 14. Nf4 Bd7 15.
Ne4 Ne6 16. Nd5 Bd4 17. Ra2 c6 18. Nf4 d5 19. cxd5 cxd5 20. Nxd5 Bb5 21. Nf4
Bxf1 22. Bxf1 Be3 23. Qe1 Nxf4 24. Bxe3 Nxe3 25. Qxe3 Qd1 26. Kg1 Ne6 27. Kg2
b5 28. f4 Rfd8 29. f5 Nd4 30. Rf2 Qxb3 31. Qf4 Qd5 32. Kg1 Re8 33. Bg2 Qc4 34.
Qg5 h6 35. Qg4 Qc1+ 36. Rf1 Qe3+ 37. Kh1 Rxe4 38. Bxe4 Re8 39. Bd5 Nc2 40. f6
g5 41. Qf5 1-0

[Event "Chigorin Memorial"]
[Site "St Petersburg"]
[Date "2016.10.17"]
[Round "3.115"]
[White "Obgolts, Erik"]
[Black "Aseeva, Anastasia"]
[Result "1-0"]
[WhiteElo "2217"]
[BlackElo "1969"]
[PlyCount "113"]
[EventDate "2016.10.15"]
[EventType "swiss"]
[EventRounds "9"]
[EventCountry "RUS"]

1. e4 c5 2. Nf3 Nc6 3. Bb5 g6 4. O-O Bg7 5. Re1 Nh6 6. Nc3 O-O 7. d3 a6 8. Bxc6
bxc6 9. h3 f6 10. Be3 d6 11. d4 cxd4 12. Nxd4 Qc7 13. Qe2 Nf7 14. Qc4 c5 15.
Ne6 Bxe6 16. Qxe6 Ra7 17. Rad1 Rb8 18. b3 Qd7 19. Qc4 Qe8 20. a3 a5 21. a4 Kh8
22. Nb5 Rd7 23. Qe6 Nd8 24. Qd5 Rdb7 25. Bd2 Nc6 26. c4 Rc8 27. Bc3 Qg8 28. f4
Rd7 29. Qd2 Bh6 30. Qf2 Rcd8 31. Qf3 e5 32. g3 Qf8 33. Rd5 Ra8 34. Kg2 Nd4 35.
Bxd4 cxd4 36. c5 Ra6 37. Nxd6 Qe7 38. fxe5 fxe5 39. Rf1 Kg8 40. Qg4 Rdxd6 41.
cxd6 Rxd6 42. Qc8+ Kg7 43. Rxe5 Qd8 44. Qxd8 Rxd8 45. Rd5 Rb8 46. Rxd4 Rxb3 47.
Rd5 Rb4 48. Rxa5 Rxe4 49. Ra7+ Kg8 50. Rd1 Re2+ 51. Kf1 Re8 52. Rdd7 Bf8 53.
Rxh7 Re3 54. Kg2 Re2+ 55. Kf3 Rc2 56. Rhc7 Rd2 57. Ra8 1-0

[Event "Chigorin Memorial"]
[Site "St Petersburg"]
[Date "2016.10.17"]
[Round "3.116"]
[White "Grishaev, Igor"]
[Black "Shpartko, Grigory"]
[Result "0-1"]
[WhiteElo "1956"]
[BlackElo "2201"]
[PlyCount "84"]
[EventDate "2016.10.15"]
[EventType "swiss"]
[EventRounds "9"]
[EventCountry "RUS"]

1. d4 e6 2. c4 c5 3. d5 Nf6 4. Nc3 d6 5. e4 e5 6. g3 g6 7. Bg2 Bg7 8. Nge2 Bd7
9. O-O Qc8 10. f4 O-O 11. fxe5 dxe5 12. Bg5 Nh5 13. Nb5 f6 14. Be3 a6 15. Nbc3
Rf7 16. a4 b6 17. Rb1 Bf8 18. Rf2 Ng7 19. Qf1 Ne8 20. Nc1 Bg7 21. Nd3 Nd6 22.
b3 a5 23. Nb5 Qf8 24. Qe2 Na6 25. Rbf1 Re8 26. g4 Bxb5 27. axb5 Nb4 28. Nxb4
axb4 29. Ra1 Ra8 30. Rxa8 Qxa8 31. h4 Qa1+ 32. Kh2 Qc3 33. Rf3 Qa1 34. Bd2 Qb2
35. Qd3 f5 36. gxf5 gxf5 37. Rg3 fxe4 38. Qe2 Nf5 39. Rxg7+ Rxg7 40. Bxe4 Ng3
41. Bxh7+ Kxh7 42. Qf2 Qxd2 0-1

[Event "Chigorin Memorial"]
[Site "St Petersburg"]
[Date "2016.10.17"]
[Round "3.117"]
[White "Scheglov, Dmitry"]
[Black "Kuznetsov, Felix"]
[Result "1-0"]
[WhiteElo "1953"]
[BlackElo "2200"]
[PlyCount "61"]
[EventDate "2016.10.15"]
[EventType "swiss"]
[EventRounds "9"]
[EventCountry "RUS"]

1. e4 c5 2. Nc3 Nc6 3. g3 g6 4. Bg2 Bg7 5. d3 d6 6. f4 e6 7. Nf3 Nge7 8. Be3
O-O 9. O-O b6 10. Bf2 Ba6 11. Qd2 Rc8 12. Rae1 Qc7 13. g4 Nd4 14. Bh4 f5 15.
exf5 gxf5 16. Ng5 Ng6 17. Bg3 Bb7 18. Nxe6 Nxe6 19. Rxe6 Bd4+ 20. Kh1 fxg4 21.
f5 Qd7 22. Qe2 Ne5 23. Nd5 Kh8 24. Re7 Qc6 25. Bxe5+ dxe5 26. Qxg4 Rg8 27. Qh5
Rg7 28. Rxg7 Kxg7 29. f6+ Kh8 30. Be4 Qd7 31. f7 1-0

[Event "Chigorin Memorial"]
[Site "St Petersburg"]
[Date "2016.10.17"]
[Round "3.118"]
[White "Shirshov, Nikolay"]
[Black "Anchutin, Nikita"]
[Result "1-0"]
[WhiteElo "1945"]
[BlackElo "2198"]
[PlyCount "75"]
[EventDate "2016.10.15"]
[EventType "swiss"]
[EventRounds "9"]
[EventCountry "RUS"]

1. Nf3 d5 2. c4 d4 3. b4 c5 4. e3 Bg4 5. h3 Bxf3 6. Qxf3 Qc7 7. bxc5 Nc6 8. Na3
a6 9. Nc2 e5 10. exd4 exd4 11. Bd3 Nf6 12. O-O Be7 13. Bb2 Rd8 14. Be4 Ne5 15.
Qf4 Nxe4 16. Qxe4 Nxc4 17. Bxd4 Nxd2 18. Qg4 Nxf1 19. Qxg7 Rf8 20. Rxf1 Kd7 21.
Be3 Kc8 22. Nd4 Kb8 23. Nf5 Bxc5 24. Rc1 Rd5 25. Bxc5 Rc8 26. Ba7+ Kxa7 27.
Rxc7 Rxc7 28. Ne3 Rd2 29. a4 Rc1+ 30. Kh2 Rxf2 31. Qd4+ Ka8 32. Kg3 Re2 33. a5
Rb1 34. Nc4 Rb3+ 35. Kh2 Ra2 36. Nb6+ Ka7 37. Qd8 Rxa5 38. Nc8+ 1-0

[Event "Chigorin Memorial"]
[Site "St Petersburg"]
[Date "2016.10.17"]
[Round "3.119"]
[White "Reshetnikov, Ruslan"]
[Black "Nazarova, Anastasia"]
[Result "1-0"]
[WhiteElo "2196"]
[BlackElo "1963"]
[PlyCount "89"]
[EventDate "2016.10.15"]
[EventType "swiss"]
[EventRounds "9"]
[EventCountry "RUS"]

1. Nf3 Nf6 2. b3 d5 3. Bb2 e6 4. e3 Be7 5. Be2 O-O 6. O-O c5 7. c4 Nc6 8. cxd5
Nxd5 9. d3 b6 10. a3 Qc7 11. Qc2 Bb7 12. Nbd2 Rac8 13. Rac1 Bf6 14. Qb1 Bxb2
15. Qxb2 Qe7 16. Nc4 Rfd8 17. Rfd1 h6 18. Bf1 Qf6 19. d4 cxd4 20. Nxd4 Nxd4 21.
Rxd4 Qe7 22. Rcd1 Bc6 23. Qd2 e5 24. Nxe5 Qxe5 25. e4 Rd7 26. exd5 Rcd8 27. d6
Qf6 28. Be2 Re8 29. Bg4 Qg6 30. Qf4 Rdd8 31. h4 h5 32. Bh3 Re4 33. Rxe4 Qxe4
34. Qg5 f6 35. Qxh5 Be8 36. Qd5+ Qxd5 37. Rxd5 Bf7 38. Rd3 Kf8 39. b4 Bc4 40.
Rd4 b5 41. Bf5 a6 42. h5 Bf7 43. g4 Be8 44. d7 Bf7 45. Rd6 1-0